Digital image processing /

Na minha lista:
Detalhes bibliográficos
Main Authors: Gonzalez, Rafael C (Author), Wintz, Paul (Author)
Formato: Livro
Idioma:inglês
Publicado em: Reading : Addison-Wesley Publishing Company, 1987
Edição:2.ed.
Assuntos:
Tags: Adicionar Tag
Sem tags, seja o primeiro a adicionar uma tag!

MARC

LEADER 00000nam a22000003a 4500
001 stu5024
005 20150617225811.6
008 931216s1987----xxu-----------------eng-d
020 |a 0-201-11026-1 
040 |a STU  |b slo 
041 0 |a eng 
044 |a xxu 
080 |a 621.39.037.37 
080 |a 621.397 
080 |a 681.327.8 
080 |a 681.32.05 
100 1 |a Gonzalez, Rafael C  |4 aut 
245 1 |a Digital image processing /  |c [aut.] Gonzalez,Rafael C.; Wintz,Paul 
250 |a 2.ed. 
260 |a Reading :  |b Addison-Wesley Publishing Company,  |c 1987 
300 |a 503 s 
650 7 |a číslicové spracovanie obrazov  |2 stusub 
650 7 |a prenos obrazov  |2 stusub 
700 1 |a Wintz, Paul  |4 aut 
996 |b 284EK07692  |c E*78553  |l EE01  |s A  |a 24  |w stu5024_0001